| 000 | 01113nam 22002293 4500 | ||
|---|---|---|---|
| 001 | 201098 | ||
| 090 | _a201098 | ||
| 100 | _a20260309d u||y0pory50 ba | ||
| 200 |
_aMário Botas _efiguras, sonhos, mitos _f[Organizador] Vasco Fernando _gfotografias José Manuel Costa Alves |
||
| 210 |
_aMontemor-o-Novo _cGaleria Municipal _d2002 |
||
| 215 |
_a[8] p. _cil. ; brochado _d23 cm |
||
| 300 | _a. -Exposição de Mário Botas na Galeria Municipal de Montemor-o-Novo de 24 de Maio a 29 de junho de 2002 . -Exposição que surgiu e posteriormente o Prof. Dr. almeida Faria colaborou na acessibilidade à coleção e na documentação fotográfica das obras e cedendo da sua colecção. | ||
| 606 |
_92477 _aPintura _xPintores |
||
| 610 | _aExposição temporária--Mário Botas--[Catálogo] | ||
| 675 |
_a069Botas, Mário _vPT _zpor |
||
| 675 |
_a741Botas, Mário _vPT _zpor |
||
| 675 |
_a75Botas, Mário _vPT _zpor |
||
| 702 |
_916743 _aSilva _bVasco Fernando Alves Dias da _f1949-2023 |
||
| 702 |
_914318 _aAlves _bJosé Manuel Costa _f1950-2025 |
||
| 801 |
_aPT _bBMMN _gRPC |
||
| 830 |
_cAna Falardo _fAna Falardo |
||
| 990 | _cLIVROS | ||